| 000 | 00477nam a2200157 i 4500 | ||
|---|---|---|---|
| 001 | 31155 | ||
| 003 | ES-MaACL | ||
| 007 | t| | ||
| 008 | 030128s1975 sp ||||1| cat d | ||
| 100 | 1 |
_aBernades, Vicenç. _928172 |
|
| 245 | 1 | 4 |
_aUna conspiració a la Cuba colonial / _cVicenç Bernades, Ramón Pintó. |
| 260 |
_a[Barcelona] : _bEditorial La paraula viva, _c[1975] |
||
| 300 |
_a201 p. ; _c17 cm. |
||
| 700 | 1 |
_aPintó, Ramón. _992227 |
|
| 852 |
_aES-MaACL _jE-6797 _bR.91462 |
||
| 999 |
_c31155 _d31155 |
||